Statistics for The most stable and unstable countries in the world by the Fragile States Index

Click here to take the quiz!

General Stats

  • This quiz has been taken 223 times
  • The average score is 14 of 20

Answer Stats

HintAnswer% Correct
2Norway
90%
8Sweden
90%
1Finland
89%
4Denmark
86%
173Syria
84%
10Canada
82%
9Iceland
79%
177Somalia
76%
170Afghanistan
75%
7Australia
74%
178South-Sudan
72%
3New Zealand
71%
174Sudan
71%
175Yemen
71%
5Switzerland
70%
176Central African Republic
64%
172Chad
60%
6Ireland
60%
169Haiti
44%
171Democratic Republic of the Congo
39%

Score Distribution

Percentile by Number Answered

Percent of People with Each Score

Your Score History

You have not taken this quiz